Smart Diccionario. (Registro nro. 183)
[ vista simple ]
| 000 -LEADER | |
|---|---|
| fixed length control field | 00661 am a2200205 a 4500 |
| 005 - FECHA ULTIMA MODIFICACION | |
| control field | 20240229093201.0 |
| 008 - CAMPO DE CONTROL (LIBRO) | |
| fixed length control field | 100326s1991||||sp ||||g |||| 000 0 spa d |
| 020 ## - INTERNATIONAL STANDARD BOOK NUMBER | |
| ISBN | 8477645612 |
| 041 ## - CODIGO DE IDIOMA | |
| Código de idioma del texto/pista de sonido o título separado | spa |
| 092 ## - SIGNATURA TOPOGRAFICA DEWEY LOCAL | |
| número de clasificación | 403 |
| libristica | 16 |
| sección | DIC |
| 110 1# - ENTRADA PRINCIPAL-AUTOR CORPORATIVO | |
| Nombre de la institución, jurisdicción como entrada principal | Océano Grupo Editorial. |
| 9 (RLIN) | 348 |
| 245 ## - TITULO PROPIAMENTE DICHO | |
| Título | Smart Diccionario. |
| Subtítulo y Título paralelo | Español - Inglés English - Espanish / |
| Mención de responsabilidad y remanente de la transcripción de la portada | Océano Grupo Editorial. |
| 250 ## - MENCION DE EDICION | |
| Mención de edición | 1a ed. |
| 260 ## - PIE DE IMPRENTA | |
| Lugar de publicación, distribución, etc | Barcelona: |
| Nombre de la editorial, distribuidor, etc | Océano; |
| Fecha de publicación | 1991. |
| 300 ## - DESCRIPCION FISICA | |
| Extension | 1010 p. |
| 500 ## - NOTA GENERAL | |
| Nota general | Océano Grupo Editorial. (1991). Smart Diccionario. Español - Inglés English - Espanish. (1a ed.). Barcelona : Océano. |
| 653 ## - TÉRMINO INDIZADO - PALABRAS CLAVES | |
| Palabra clave | Diccionario |
| 930 ## - NUMERO DE INVENTARIO | |
| Número de inventario | 1937 |
| 942 ## - ADDED ENTRY ELEMENTS (KOHA) | |
| Source of classification or shelving scheme | Dewey Decimal Classification |
| Item type | Libros |
| Estado de retiro | Existencia | Fuente de clasificación | Estado general | No para prestamo | Colección | Ubicación permanente | ubicación actual | Sala de ubicación | Fecha de adquisición | Total Checkouts | Número de clasificación | Código de barras | Date last seen | Date last borrowed | Número de ejemplar | Price effective from | Koha tipo de elemento (item) | Public note |
|---|---|---|---|---|---|---|---|---|---|---|---|---|---|---|---|---|---|---|
| Dewey Decimal Classification | Reference | Biblioteca Medicina | Biblioteca Medicina | Referencia | 13/05/2011 | 12 | 403 16 DIC | 1937 | 02/06/2025 | 30/05/2025 | ej.1 | 13/05/2011 | Reference | LIBRO DE CONSULTA |